<?xml version="1.0" encoding="UTF-8"?>
<record
    xmlns:xsi="http://www.w3.org/2001/XMLSchema-instance"
    xsi:schemaLocation="http://www.loc.gov/MARC21/slim http://www.loc.gov/standards/marcxml/schema/MARC21slim.xsd"
    xmlns="http://www.loc.gov/MARC21/slim">

  <leader>03122nam a22002657a 4500</leader>
  <datafield tag="952" ind1=" " ind2=" ">
    <subfield code="0">0</subfield>
    <subfield code="1">0</subfield>
    <subfield code="4">0</subfield>
    <subfield code="7">0</subfield>
    <subfield code="a">04</subfield>
    <subfield code="b">04</subfield>
    <subfield code="d">2015-11-27</subfield>
    <subfield code="l">15</subfield>
    <subfield code="o">LB3013.13 M45</subfield>
    <subfield code="p">04 006002</subfield>
    <subfield code="r">2019-10-30</subfield>
    <subfield code="s">2019-10-30</subfield>
    <subfield code="t">1</subfield>
    <subfield code="w">2015-11-27</subfield>
    <subfield code="y">LB</subfield>
  </datafield>
  <datafield tag="952" ind1=" " ind2=" ">
    <subfield code="0">0</subfield>
    <subfield code="1">0</subfield>
    <subfield code="2">lcc</subfield>
    <subfield code="4">0</subfield>
    <subfield code="7">0</subfield>
    <subfield code="a">14</subfield>
    <subfield code="b">14</subfield>
    <subfield code="d">2016-04-15</subfield>
    <subfield code="l">9</subfield>
    <subfield code="m">1</subfield>
    <subfield code="o">LB3013.13 M45 2012</subfield>
    <subfield code="p">14 006361</subfield>
    <subfield code="r">2019-08-21</subfield>
    <subfield code="s">2019-08-15</subfield>
    <subfield code="t">1</subfield>
    <subfield code="w">2016-06-01</subfield>
    <subfield code="y">LB</subfield>
  </datafield>
  <datafield tag="952" ind1=" " ind2=" ">
    <subfield code="0">0</subfield>
    <subfield code="1">0</subfield>
    <subfield code="2">lcc</subfield>
    <subfield code="4">0</subfield>
    <subfield code="7">0</subfield>
    <subfield code="a">14</subfield>
    <subfield code="b">14</subfield>
    <subfield code="d">2016-06-08</subfield>
    <subfield code="l">7</subfield>
    <subfield code="m">1</subfield>
    <subfield code="o">LB3013.13 M45 2012</subfield>
    <subfield code="p">14 006377</subfield>
    <subfield code="r">2020-03-02</subfield>
    <subfield code="s">2020-02-28</subfield>
    <subfield code="t">2</subfield>
    <subfield code="w">2016-06-08</subfield>
    <subfield code="y">LB</subfield>
  </datafield>
  <datafield tag="952" ind1=" " ind2=" ">
    <subfield code="0">0</subfield>
    <subfield code="1">0</subfield>
    <subfield code="4">0</subfield>
    <subfield code="7">0</subfield>
    <subfield code="a">04</subfield>
    <subfield code="b">04</subfield>
    <subfield code="d">2016-07-13</subfield>
    <subfield code="l">13</subfield>
    <subfield code="m">1</subfield>
    <subfield code="o">LB3013.13 M45</subfield>
    <subfield code="p">04 006222</subfield>
    <subfield code="r">2025-09-17</subfield>
    <subfield code="s">2019-11-16</subfield>
    <subfield code="t">2</subfield>
    <subfield code="w">2016-07-13</subfield>
    <subfield code="y">LB</subfield>
  </datafield>
  <datafield tag="999" ind1=" " ind2=" ">
    <subfield code="c">98544</subfield>
    <subfield code="d">98544</subfield>
  </datafield>
  <controlfield tag="008">151127s2012    mx     | |||| 000 0 spa d</controlfield>
  <datafield tag="020" ind1=" " ind2=" ">
    <subfield code="a">9786077723707</subfield>
  </datafield>
  <datafield tag="050" ind1=" " ind2="4">
    <subfield code="a">LB3013.13 </subfield>
    <subfield code="b">M45</subfield>
  </datafield>
  <datafield tag="100" ind1="1" ind2=" ">
    <subfield code="a">Mendoza Gonz&#xE1;lez, Brenda</subfield>
    <subfield code="e">, autor.</subfield>
  </datafield>
  <datafield tag="245" ind1="1" ind2="0">
    <subfield code="a">Bullying</subfield>
    <subfield code="b">: Los m&#xFA;ltiples rostros del acoso escolar, estrategias para identificar, detener y cambiar la agresividad y la violencia a trav&#xE9;s de competencias</subfield>
    <subfield code="c">/ Brenda Mendoza Gonz&#xE1;lez.</subfield>
  </datafield>
  <datafield tag="260" ind1="3" ind2=" ">
    <subfield code="a">M&#xE9;xico</subfield>
    <subfield code="b">: Pax</subfield>
    <subfield code="c">, 2012</subfield>
  </datafield>
  <datafield tag="300" ind1=" " ind2=" ">
    <subfield code="a">xv, 216 p&#xE1;ginas.</subfield>
  </datafield>
  <datafield tag="336" ind1=" " ind2=" ">
    <subfield code="a">Texto</subfield>
  </datafield>
  <datafield tag="337" ind1=" " ind2=" ">
    <subfield code="a">Sin medio </subfield>
  </datafield>
  <datafield tag="338" ind1=" " ind2=" ">
    <subfield code="a">Volumen</subfield>
  </datafield>
  <datafield tag="500" ind1=" " ind2=" ">
    <subfield code="a">Incluye anexo (pp. 203-207)</subfield>
  </datafield>
  <datafield tag="504" ind1=" " ind2=" ">
    <subfield code="a">Incluye bibliograf&#xED;a (pp. 209-213)</subfield>
  </datafield>
  <datafield tag="505" ind1="1" ind2=" ">
    <subfield code="a">Primera parte
1. Conceptos b&#xE1;sicos: violencia y acoso escolar o bullyng
Violencia escolar: un tipo de agresi&#xF3;n
Violencia y acoso escolar,definici&#xF3;n conceptual y operacional
Violencia escolar y bullyng en M&#xE9;xico
Papeles que el alumnado desempe&#xF1;a en el acoso escolar: v&#xED;ctima, agresor y v&#xED;ctima/agresor
Perfiles: caracteristicas del alumnado
El impacto del bullyng: consecuencias a largo y corto plazo

2. El bullyng desde una perspectiva contextual: la escuela, la familia y la sociedad
La escuela
Lafigura del profesor
Factores de riesgo escolares
&#xBF;Qu&#xE9; facilita la aparici&#xF3;n del bullyng?
La comunicaci&#xF3;n entre familia y escuela
Contexto social
Estereotipos tradicionales
&#xBF;Existe una vacuna contra el bullyng?

3. Maltrato entre profesores y alumnado: &#xBF;la otra cara de bullyng?
Antecedentes
Maltrato que ejerce el profesorado hacia el alumno
Maltrato hacia el profesor
&#xBF;Qu&#xE9; influye para que exista el maltrato?
Algunas variables que se relacionan con los malos tratos en la interacci&#xF3;n profesor-alumno
La doble cara del acoso escolar: bullyng entre pares y bullyng entre profesorado y alumnado

Segunda parte: Fase de evaluaci&#xF3;n
Escuela
Listas cotejables
Hoja de calificaci&#xF3;n para las listas cotejables
Indentificaci&#xF3;n probables de v&#xED;ctimas y acosadores
Familia
&#xBF;C&#xF3;mo abordar un caso de bullyng?
Primeros auxilios para la atenci&#xF3;n del caso?
Fase de intervenci&#xF3;n
Primera estrategia
Miaula ordenada: orden y limpieza
Seguimiento de la puesta en pr&#xE1;ctica de las estrategias
Segunda estrategia
Yo respeto: c&#xF3;digo escolar
Desarrollo de las acciones
Tercera estrategia
Yo cuido: desarrollo de empatia
Cuarta estartegia
Yo opino: asamblea escolar
Buz&#xF3;n escolar
Ejemplos del ciclo del bullyng
Quinta estrategia
Yo ayudo: juego de disciplina correctiva
Sexta estrategia
Yo me controlo: autocontrol de enojo
Septima estrategia
Yo aprendo: motivaci&#xF3;n para actividades acad&#xE9;micas
Octava estrategia
Yo me quiero: autoestima

Anexo
Cuestionario para identificar el bullyng entre profesores y alumnos.</subfield>
  </datafield>
  <datafield tag="519" ind1=" " ind2=" ">
    <subfield code="a">Material complementario
</subfield>
    <subfield code="b">Licenciatura en Pedagog&#xED;a</subfield>
    <subfield code="d">14 006361
14 006377</subfield>
  </datafield>
  <datafield tag="519" ind1=" " ind2=" ">
    <subfield code="a">Educaci&#xF3;n mixta /
</subfield>
    <subfield code="b">Pedagog&#xED;a /</subfield>
    <subfield code="c">Orientaci&#xF3;n educativa y vocacional I (P11) /</subfield>
    <subfield code="d">(04 006222)</subfield>
  </datafield>
  <datafield tag="650" ind1="1" ind2="4">
    <subfield code="a">VIOLENCIA ESCOLAR</subfield>
    <subfield code="x">DETECCI&#xD3;N</subfield>
    <subfield code="x">ESTRATEGIAS</subfield>
  </datafield>
  <datafield tag="942" ind1=" " ind2=" ">
    <subfield code="c">LB</subfield>
  </datafield>
</record>
